<?xml version="1.0" encoding="UTF-8"?><?xml-stylesheet type="text/xsl" href="static/style.xsl"?><OAI-PMH xmlns="http://www.openarchives.org/OAI/2.0/" xmlns:xsi="http://www.w3.org/2001/XMLSchema-instance" xsi:schemaLocation="http://www.openarchives.org/OAI/2.0/ http://www.openarchives.org/OAI/2.0/OAI-PMH.xsd"><responseDate>2026-04-17T10:38:53Z</responseDate><request verb="GetRecord" identifier="oai:riubu.ubu.es:10259/10478" metadataPrefix="marc">https://riubu.ubu.es/oai/request</request><GetRecord><record><header><identifier>oai:riubu.ubu.es:10259/10478</identifier><datestamp>2025-05-17T00:05:17Z</datestamp><setSpec>com_10259_6171</setSpec><setSpec>com_10259_5086</setSpec><setSpec>com_10259_2604</setSpec><setSpec>col_10259_6172</setSpec></header><metadata><record xmlns="http://www.loc.gov/MARC21/slim" xmlns:doc="http://www.lyncode.com/xoai" xmlns:xsi="http://www.w3.org/2001/XMLSchema-instance" xmlns:dcterms="http://purl.org/dc/terms/" xsi:schemaLocation="http://www.loc.gov/MARC21/slim http://www.loc.gov/standards/marcxml/schema/MARC21slim.xsd">
<leader>00925njm 22002777a 4500</leader>
<datafield tag="042" ind1=" " ind2=" ">
<subfield code="a">dc</subfield>
</datafield>
<datafield tag="720" ind1=" " ind2=" ">
<subfield code="a">Ortega López, Vanesa</subfield>
<subfield code="e">author</subfield>
</datafield>
<datafield tag="720" ind1=" " ind2=" ">
<subfield code="a">Faleschini, Flora</subfield>
<subfield code="e">author</subfield>
</datafield>
<datafield tag="720" ind1=" " ind2=" ">
<subfield code="a">Manso Villalaín, Juan Manuel</subfield>
<subfield code="e">author</subfield>
</datafield>
<datafield tag="720" ind1=" " ind2=" ">
<subfield code="a">Revilla Cuesta, Víctor</subfield>
<subfield code="e">author</subfield>
</datafield>
<datafield tag="260" ind1=" " ind2=" ">
<subfield code="c">2025-05</subfield>
</datafield>
<datafield tag="520" ind1=" " ind2=" ">
<subfield code="a">The bonded mortar in the Coarse Recycled Aggregate (CRA) reduces both the adhesion in the interfacial transition zones and the stiffness of concrete, which worsens concrete bending behavior. These aspects are more remarkable at early ages due to the lower strength and stiffness developed by the concrete matrix. The stitching effect of the 66.8% by weight of Glass Fiber-Reinforced Polymer (GFRP) fibers contained in Raw-Crushed Wind-Turbine Blade (RCWTB) can counteract these phenomena. This research analyzes the bending behavior of concrete made with up to 100% CRA in combination with 6% RCWTB as aggregate replacement. Early ages (1, 3, and 7 days) and both moist and ambient curing are considered to cover all possible put-into-service situations of concrete elements. Compared to concrete with the same composition but without RCWTB, this waste increased the pre-failure compliance by up to 26.9%, the failure deflection by up to 12.8%, and the failure stress by up to 37.5% when combined with as much as 50% CRA. An earlier concrete age and ambient curing made such effects more notable due to the weaker cementitious matrix. Furthermore, RCWTB provided post-failure load-bearing capacity to concrete, the incorporation of 6% RCWTB to concrete with 50% CRA increasing the absorbed energy under bending loading by 135%. RCWTB also allowed the energy absorbed by concrete to be almost unaffected when adding any CRA amount. All these effects were statistically significant and demonstrate that RCWTB improves the bending deformability of concrete produced with CRA, mainly because of the deflection improvement it caused.</subfield>
</datafield>
<datafield tag="024" ind2=" " ind1="8">
<subfield code="a">http://hdl.handle.net/10259/10478</subfield>
</datafield>
<datafield tag="024" ind2=" " ind1="8">
<subfield code="a">10.1007/s43452-025-01215-5</subfield>
</datafield>
<datafield tag="024" ind2=" " ind1="8">
<subfield code="a">2083-3318</subfield>
</datafield>
<datafield ind1=" " ind2=" " tag="653">
<subfield code="a">Raw-crushed wind-turbine blades</subfield>
</datafield>
<datafield ind1=" " ind2=" " tag="653">
<subfield code="a">Coarse recycled aggregate</subfield>
</datafield>
<datafield ind1=" " ind2=" " tag="653">
<subfield code="a">Concrete</subfield>
</datafield>
<datafield ind1=" " ind2=" " tag="653">
<subfield code="a">Load-deflection test</subfield>
</datafield>
<datafield ind1=" " ind2=" " tag="653">
<subfield code="a">Deformability</subfield>
</datafield>
<datafield ind1=" " ind2=" " tag="653">
<subfield code="a">Energy absroption</subfield>
</datafield>
<datafield tag="245" ind1="0" ind2="0">
<subfield code="a">Bending performance of concrete with coarse recycled aggregate and raw-crushed wind-turbine blade at an early age</subfield>
</datafield>
</record></metadata></record></GetRecord></OAI-PMH>